[Event "4NCL Division 3 North"]
[Site "Bolton, ENG"]
[Date "2019.05.06"]
[Round "11.33"]
[White "Tyton, Adam"]
[Black "Floresc, Petru"]
[Result "1/2-1/2"]
[WhiteElo "1930"]
[BlackElo "1967"]
[PlyCount "121"]
[EventDate "2019.05.06"]
[WhiteTeam "Manchester Manticores 3"]
[BlackTeam "Cheddleton 2"]

1. e4 c5 2. Nf3 g6 3. c3 Bg7 4. d4 cxd4 5. cxd4 Nc6 6. Nc3 d6 7. h3 Nf6 8. Be3
O-O 9. Be2 d5 10. e5 Ne4 11. Qb3 Nxc3 12. Qxc3 Bf5 13. O-O Rc8 14. Qa3 f6 15.
exf6 exf6 16. Rac1 Re8 17. Bb5 Qb6 18. Qc5 Qxc5 19. Rxc5 Be6 20. Rfc1 Kf7 21.
Bxc6 Rxc6 22. Rxc6 bxc6 23. Rxc6 Rc8 24. Rxc8 Bxc8 25. Kf1 Ke6 26. Ke2 Ba6+ 27.
Ke1 g5 28. Nd2 Bf8 29. a3 Bb5 30. Nb3 h5 31. Bd2 Bd6 32. Na1 Kf5 33. Nc2 Ke6
34. Bb4 Bf4 35. Bc5 a5 36. b3 a4 37. bxa4 Bxa4 38. Nb4 Bb5 39. Na2 Bc7 40. Nc3
Bc4 41. g3 Ba5 42. Bb4 Bb6 43. Ne2 Kf5 44. f3 g4 45. hxg4+ hxg4 46. Kf2 gxf3
47. Kxf3 Bxe2+ 48. Kxe2 Kg4 49. Bc5 Bc7 50. Be7 f5 51. Bf6 Bxg3 52. Be5 Bh4 53.
a4 f4 54. a5 f3+ 55. Kf1 Bd8 56. a6 Bb6 57. Bb8 Bxd4 58. a7 Bxa7 59. Bxa7 Kf4
60. Kf2 d4 61. Bxd4 1/2-1/2

[Event "4NCL Division 3 North"]
[Site "Bolton, ENG"]
[Date "2019.05.06"]
[Round "11.34"]
[White "Edwards, Simon R"]
[Black "Hilton, Tim"]
[Result "1/2-1/2"]
[WhiteElo "1972"]
[BlackElo "1960"]
[PlyCount "21"]
[EventDate "2019.05.06"]
[WhiteTeam "Cheddleton 2"]
[BlackTeam "Manchester Manticores 3"]

1. e4 c5 2. Nf3 g6 3. d4 cxd4 4. Nxd4 Nc6 5. Nc3 Bg7 6. Be3 Nf6 7. Bc4 O-O 8.
O-O Nxe4 9. Nxe4 d5 10. Nxc6 bxc6 11. Bd3 1/2-1/2

[Event "4NCL Division 3 North"]
[Site "Bolton, ENG"]
[Date "2019.05.06"]
[Round "11.35"]
[White "Collins, Richard A"]
[Black "Davison, Colin F S"]
[Result "1/2-1/2"]
[WhiteElo "1930"]
[BlackElo "1856"]
[PlyCount "26"]
[EventDate "2019.05.06"]
[WhiteTeam "Manchester Manticores 3"]
[BlackTeam "Cheddleton 2"]

1. e4 e6 2. d4 d5 3. exd5 exd5 4. Bd3 Bd6 5. Nc3 c6 6. Nge2 Nf6 7. Bf4 O-O 8.
Bxd6 Qxd6 9. Qd2 Re8 10. O-O Nbd7 11. Rfe1 Nf8 12. Qf4 Qxf4 13. Nxf4 Bd7
1/2-1/2

[Event "4NCL Division 3 North"]
[Site "Bolton, ENG"]
[Date "2019.05.06"]
[Round "11.36"]
[White "Edwards, Roger J"]
[Black "Potter, Steven"]
[Result "0-1"]
[WhiteElo "1641"]
[BlackElo "1877"]
[PlyCount "124"]
[EventDate "2019.05.06"]
[WhiteTeam "Cheddleton 2"]
[BlackTeam "Manchester Manticores 3"]

1. e4 e6 2. d4 b6 3. Bd3 Bb7 4. Ne2 c5 5. c3 Nc6 6. d5 Ne5 7. c4 g6 8. O-O Bg7
9. Nbc3 a6 10. f4 Nxd3 11. Qxd3 Ne7 12. e5 O-O 13. Ng3 d6 14. dxe6 dxe5 15.
exf7+ Rxf7 16. Qxd8+ Rxd8 17. Nge4 exf4 18. Bxf4 Bd4+ 19. Kh1 Rdf8 20. Nd6 Rxf4
21. Rxf4 Bxg2+ 22. Kxg2 Rxf4 23. Nde4 Bxc3 24. Nxc3 Rxc4 25. Re1 Kf7 26. Re2
Rd4 27. Ne4 h6 28. Nd2 Nd5 29. Kg3 Rd3+ 30. Nf3 Ne7 31. Kf4 Nc6 32. Ne5+ Nxe5
33. Kxe5 c4 34. Rc2 b5 35. Rf2+ Ke7 36. Rg2 Rd6 37. Ke4 Rf6 38. Kd4 Kd6 39. Rd2
g5 40. a3 Rf5 41. Ke3+ Ke5 42. Rd8 Rf6 43. Rc8 Rd6 44. Re8+ Re6 45. Rd8 Kf5+
46. Kf3 g4+ 47. Kf2 Ke4 48. Rd2 h5 49. Kg3 Re5 50. Kh4 Ke3 51. Rg2 a5 52. Rg3+
Kd4 53. Rg2 b4 54. axb4 axb4 55. Rd2+ Ke3 56. Rc2 Kd3 57. Rg2 c3 58. bxc3 bxc3
59. Rg3+ Kd2 60. Rg2+ Re2 61. Rxe2+ Kxe2 62. Kxh5 Kf3 0-1

[Event "4NCL Division 3 North"]
[Site "Bolton, ENG"]
[Date "2019.05.06"]
[Round "11.41"]
[White "Lonsdale, Jon I"]
[Black "Johnson, Paul A"]
[Result "1/2-1/2"]
[WhiteElo "1832"]
[BlackElo "1804"]
[PlyCount "83"]
[EventDate "2019.05.06"]
[WhiteTeam "Manchester Manticores 4"]
[BlackTeam "Bradford DCA Knights B"]

1. e4 c5 2. c3 e5 3. Nf3 d6 4. d4 Nc6 5. d5 Nce7 6. Bb5+ Bd7 7. Qa4 Nf6 8. Nfd2
a6 9. Bxd7+ Qxd7 10. Qxd7+ Kxd7 11. a4 b6 12. c4 a5 13. Nc3 Ne8 14. O-O g6 15.
g3 f5 16. f4 Bg7 17. Nf3 fxe4 18. Ng5 exf4 19. Bxf4 Bd4+ 20. Kg2 Nf6 21. Nb5
Nf5 22. Nf7 Rhf8 23. Nfxd6 Ng4 24. Nxf5 gxf5 25. Rad1 Ne3+ 26. Bxe3 Bxe3 27.
Nc3 Rae8 28. Ne2 Rf6 29. Nf4 Bxf4 30. Rxf4 Kd6 31. Kf2 Rg8 32. Ke3 Rgg6 33.
Rdf1 Ke5 34. Rh4 h6 35. Rf2 Rg5 36. Rff4 h5 37. Rf2 Rh6 38. Rf1 Rg4 39. Rf4
Rgg6 40. Rf1 Rf6 41. b3 Rd6 42. Rhf4 1/2-1/2

[Event "4NCL Division 3 North"]
[Site "Bolton, ENG"]
[Date "2019.05.06"]
[Round "11.42"]
[White "Dean, Robert A"]
[Black "Gawne, Martin"]
[Result "1-0"]
[WhiteElo "1807"]
[BlackElo "1825"]
[PlyCount "39"]
[EventDate "2019.05.06"]
[WhiteTeam "Bradford DCA Knights B"]
[BlackTeam "Manchester Manticores 4"]

1. e4 e5 2. Nf3 Nc6 3. Bb5 a6 4. Ba4 Nf6 5. O-O b5 6. Bb3 Bb7 7. c3 Nxe4 8. d4
d5 9. dxe5 Na5 10. Bc2 c5 11. Nbd2 Be7 12. Qe2 Nxd2 13. Bxd2 Bc8 14. h3 Rb8 15.
Bf4 Rb6 16. b3 f6 17. Rad1 Kf7 18. exf6 gxf6 19. Nh4 f5 20. Qh5+ 1-0

[Event "4NCL Division 3 North"]
[Site "Bolton, ENG"]
[Date "2019.05.06"]
[Round "11.43"]
[White "Jones, Neil T"]
[Black "Winter, Kevin"]
[Result "1/2-1/2"]
[WhiteElo "1840"]
[BlackElo "1748"]
[PlyCount "26"]
[EventDate "2019.05.06"]
[WhiteTeam "Manchester Manticores 4"]
[BlackTeam "Bradford DCA Knights B"]

1. e4 d6 2. d4 Nf6 3. Nc3 Nbd7 4. g3 e5 5. Nge2 Be7 6. Bg2 c6 7. a4 O-O 8. O-O
h6 9. h3 b6 10. Be3 Bb7 11. f4 Re8 12. Qd2 Bf8 13. Rfe1 a6 1/2-1/2

[Event "4NCL Division 3 North"]
[Site "Bolton, ENG"]
[Date "2019.05.06"]
[Round "11.44"]
[White "Adam, David W"]
[Black "Pardoe, David"]
[Result "1-0"]
[WhiteElo "1794"]
[BlackElo "1742"]
[Annotator "Vleeshhouwer,Douglas"]
[PlyCount "79"]
[EventDate "2019.05.06"]
[WhiteTeam "Bradford DCA Knights B"]
[BlackTeam "Manchester Manticores 4"]

1. c4 Nf6 2. g3 c5 3. Bg2 Nc6 4. d3 b6 5. Nc3 Bb7 6. e4 d6 7. Nge2 e6 8. O-O
Be7 9. h3 a6 10. Be3 Qc7 11. Rc1 e5 12. Bg5 Nd4 13. Bxf6 gxf6 14. Nd5 Nxe2+ 15.
Qxe2 Bxd5 16. cxd5 Qd7 17. f4 Rg8 18. Kh2 Rg7 19. f5 Qb5 20. Qd2 O-O-O 21. b4
Rdg8 22. Rf3 Kd7 23. Rb1 Bd8 24. Bf1 cxb4 25. d4 Qa5 26. dxe5 fxe5 27. Qc2 b5
28. Qc6+ Ke7 29. f6+ Kf8 30. Qxd6+ Ke8 31. Qc6+ Kf8 32. fxg7+ Kxg7 33. Rb2 f6
34. Rbf2 Rf8 35. Qd7+ Rf7 36. Qg4+ Kf8 37. Bg2 Qb6 38. Rc2 a5 39. Rc6 Qd4 40.
Qc8 1-0

[Event "4NCL Division 3 North"]
[Site "Bolton, ENG"]
[Date "2019.05.06"]
[Round "11.45"]
[White "Wilson, Jeff"]
[Black "Braham, Peter"]
[Result "0-1"]
[WhiteElo "1427"]
[BlackElo "1718"]
[Annotator "Vleeshhouwer,Douglas"]
[PlyCount "76"]
[EventDate "2019.05.06"]
[WhiteTeam "Manchester Manticores 4"]
[BlackTeam "Bradford DCA Knights B"]

1. e4 d6 2. d4 Nf6 3. Nc3 g6 4. Nf3 Bg7 5. h3 O-O 6. Be3 c5 7. dxc5 Qa5 8. Bd2
Qxc5 9. Bd3 a6 10. O-O Qc7 11. Ne2 Nbd7 12. c3 Nc5 13. Qc2 b5 14. Ng3 Bb7 15.
Rfe1 Nxd3 16. Qxd3 Nd7 17. Rac1 Nc5 18. Qc2 Qd7 19. b3 Rac8 20. Nh2 h5 21. f3
Ne6 22. Ne2 d5 23. exd5 Qxd5 24. Rcd1 Qc5+ 25. Kh1 Qf2 26. Qd3 Rfd8 27. Qe3 Qh4
28. Rc1 Nc5 29. Rc2 Nd3 30. Rd1 Nb4 31. Rb2 Nd5 32. Qa7 Rc7 33. Be1 Qf6 34.
Rbd2 Bh6 35. Rxd5 Ra8 36. Qd4 Bxd5 37. Qxd5 Rac8 38. Bg3 e6 {White lost on time
} 0-1

[Event "4NCL Division 3 North"]
[Site "Bolton, ENG"]
[Date "2019.05.06"]
[Round "11.51"]
[White "White, Mark W"]
[Black "Surtees, Mike J"]
[Result "0-1"]
[WhiteElo "2023"]
[BlackElo "2192"]
[PlyCount "44"]
[EventDate "2019.05.06"]
[WhiteTeam "Jorvik"]
[BlackTeam "Bolton & Worsley"]

1. e4 c5 2. Nf3 e6 3. d4 cxd4 4. Nxd4 Nf6 5. Nc3 d6 6. Be2 a6 7. a4 Nc6 8. O-O
Be7 9. Be3 O-O 10. Qd2 Qc7 11. Nb3 b6 12. f4 Bb7 13. g4 d5 14. e5 Ne4 15. Nxe4
dxe4 16. c3 Rfd8 17. Qe1 Na5 18. Nxa5 bxa5 19. Qf2 Qc6 20. Rfd1 Rd3 21. Bxd3
exd3 22. Kf1 Bh4 0-1

[Event "4NCL Division 3 North"]
[Site "Bolton, ENG"]
[Date "2019.05.06"]
[Round "11.52"]
[White "Sakic, Lorand"]
[Black "Hodge, Steve R"]
[Result "1/2-1/2"]
[WhiteElo "1999"]
[BlackElo "1991"]
[PlyCount "44"]
[EventDate "2019.05.06"]
[WhiteTeam "Bolton & Worsley"]
[BlackTeam "Jorvik"]

1. e4 c5 2. Nf3 Nc6 3. Bb5 g6 4. c3 Nf6 5. d3 Bg7 6. Be3 d6 7. h3 Bd7 8. Qd2 a6
9. Bxc6 Bxc6 10. Na3 O-O 11. Bh6 b5 12. h4 Bxh6 13. Qxh6 Ng4 14. Qg5 h5 15. Nc2
e5 16. Qd2 d5 17. exd5 Qxd5 18. Ne3 Nxe3 19. Qxe3 e4 20. dxe4 Qxe4 21. Qxe4
Bxe4 22. O-O-O Rad8 1/2-1/2

[Event "4NCL Division 3 North"]
[Site "Bolton, ENG"]
[Date "2019.05.06"]
[Round "11.53"]
[White "Cowan, Richard M"]
[Black "Harman, George"]
[Result "1-0"]
[WhiteElo "1912"]
[BlackElo "1810"]
[PlyCount "71"]
[EventDate "2019.05.06"]
[WhiteTeam "Jorvik"]
[BlackTeam "Bolton & Worsley"]

1. Nf3 c5 2. c4 Nc6 3. Nc3 g6 4. g3 Bg7 5. Bg2 Nf6 6. O-O d5 7. cxd5 Nxd5 8.
Qb3 Nxc3 9. bxc3 O-O 10. Ba3 b6 11. Rad1 Bb7 12. d4 cxd4 13. cxd4 Re8 14. d5
Na5 15. Qd3 Rc8 16. Bb4 Nc4 17. Bc3 Ne3 18. Bxg7 Nxd1 19. Bd4 Nxf2 20. Rxf2
Rc1+ 21. Bf1 Qxd5 22. Qe3 Rd1 23. h4 Rd8 24. Bb2 Qxa2 25. Qc3 f6 26. Kh2 Qb1
27. Bg2 Qf5 28. Qb3+ Qd5 29. Qb4 Qc5 30. Qb3+ Qd5 31. Qe3 Qc5 32. Qe6+ Kg7 33.
Ng5 Rf8 34. e3 Bxg2 35. Kxg2 Rd6 36. Qxe7+ 1-0

[Event "4NCL Division 3 North"]
[Site "Bolton, ENG"]
[Date "2019.05.06"]
[Round "11.54"]
[White "Doherty, Paul"]
[Black "Anderson, Paul W"]
[Result "1/2-1/2"]
[WhiteElo "1787"]
[BlackElo "1757"]
[PlyCount "133"]
[EventDate "2019.05.06"]
[WhiteTeam "Bolton & Worsley"]
[BlackTeam "Jorvik"]

1. d4 d5 2. c4 c6 3. Nc3 Nf6 4. cxd5 cxd5 5. Bf4 Nc6 6. e3 g6 7. Nf3 Bg7 8. a3
a6 9. Be2 O-O 10. Rc1 Re8 11. Ne5 e6 12. h4 h6 13. Qc2 Nxe5 14. Bxe5 Nh7 15.
Bxg7 Kxg7 16. h5 g5 17. g3 Bd7 18. Bd3 Nf8 19. O-O Rc8 20. Qe2 Bc6 21. Qg4 f5
22. Qe2 Qf6 23. Qc2 Qf7 24. Kg2 Bd7 25. Qb3 e5 26. Qxb7 exd4 27. exd4 f4 28. g4
f3+ 29. Kh1 Qf4 30. Bf5 Rc7 31. Qxd5 Bxf5 32. Qxf5 Rf7 33. Qxf4 Rxf4 34. Rg1
Rxd4 35. Rcd1 Red8 36. Kh2 Ne6 37. Rxd4 Rxd4 38. Kg3 Rd2 39. Rd1 Rxb2 40. Rd6
Nc5 41. Rd5 Ne6 42. Kxf3 Rb3 43. Rd3 Rxa3 44. Re3 Kf7 45. Nd5 Ra2 46. Rc3 a5
47. Ne3 a4 48. Nf5 Rb2 49. Nxh6+ Kf6 50. Nf5 Rb3 51. Re3 Nf4 52. Nd4 Rb4 53.
Ne2 Nxe2 54. Rxe2 Rb3+ 55. Kg2 a3 56. Re8 Rb4 57. f3 Ra4 58. Re1 a2 59. Ra1 Kg7
60. Kf2 Kf6 61. Ke3 Kg7 62. Kd3 Kh6 63. Kc3 Ra3+ 64. Kb2 Rxf3 65. Rxa2 Rf4 66.
Ra6+ Kh7 67. Ra7+ 1/2-1/2

[Event "4NCL Division 3 North"]
[Site "Bolton, ENG"]
[Date "2019.05.06"]
[Round "11.55"]
[White "Flint, Martina"]
[Black "Lamb, Ian"]
[Result "1-0"]
[WhiteElo "1814"]
[BlackElo "1690"]
[PlyCount "73"]
[EventDate "2019.05.06"]
[WhiteTeam "Jorvik"]
[BlackTeam "Bolton & Worsley"]

1. f4 d5 2. g3 g6 3. Bg2 Nf6 4. d3 Bg7 5. c3 O-O 6. Nf3 c5 7. O-O Nc6 8. Qc2
Qc7 9. e4 dxe4 10. dxe4 e5 11. f5 b6 12. Na3 Ba6 13. Rd1 Rad8 14. Bg5 Rxd1+ 15.
Rxd1 Rd8 16. Nh4 Rxd1+ 17. Qxd1 Qd7 18. Qe1 Qd6 19. Nb1 Nd7 20. Nd2 f6 21. Be3
g5 22. Nhf3 Na5 23. Bf1 Bd3 24. Bf2 a6 25. Qe3 Bxf1 26. Kxf1 b5 27. Qe2 Nc6 28.
Ne1 Bf8 29. Ndf3 h6 30. a4 c4 31. Nd2 Qe7 32. Nxc4 bxa4 33. Ne3 Nc5 34. Nd5 Qd6
35. Bxc5 Qxc5 36. Qxa6 Bg7 37. Qxc6 1-0

[Event "4NCL Division 3 North"]
[Site "Bolton, ENG"]
[Date "2019.05.06"]
[Round "11.56"]
[White "Moan, Francis E"]
[Black "Andrews, Norman G"]
[Result "0-1"]
[WhiteElo "1697"]
[BlackElo "1609"]
[PlyCount "136"]
[EventDate "2019.05.06"]
[WhiteTeam "Bolton & Worsley"]
[BlackTeam "Jorvik"]

1. d4 Nf6 2. c4 e6 3. Nf3 b6 4. g3 Bb7 5. Bg2 Be7 6. O-O O-O 7. Nc3 d5 8. Re1
Nbd7 9. a3 dxc4 10. e4 c5 11. d5 exd5 12. exd5 Re8 13. Bg5 Bf8 14. Qa4 h6 15.
Rxe8 Qxe8 16. Re1 Qd8 17. Bf4 a6 18. Qxc4 b5 19. Qd3 c4 20. Qd2 Nc5 21. Ne5
Ncd7 22. Nc6 Qb6 23. Ne7+ Bxe7 24. Rxe7 Re8 25. Be3 Qd8 26. Rxe8+ Qxe8 27. h4
Ng4 28. Bd4 Ngf6 29. Qf4 Bc8 30. Bh3 Nh5 31. Qc7 Nhf6 32. Bxf6 gxf6 33. Bxd7
Bxd7 34. Kg2 Bc8 35. Qf4 Kg7 36. Ne4 f5 37. Nd6 Qd7 38. Qd4+ f6 39. Nxc8 Qxc8
40. Qb6 Kf7 41. Qc6 Qxc6 42. dxc6 Ke7 43. Kf3 a5 44. Ke3 Kd6 45. c7 Kxc7 46.
Kd4 Kd6 47. h5 Kc6 48. f3 Kd6 49. g4 a4 50. gxf5 Kc6 51. Kc3 Kc5 52. f4 Kc6 53.
Kb4 Kb6 54. Kc3 Kc5 55. Kd2 b4 56. Kc2 bxa3 57. bxa3 Kd4 58. Kd2 c3+ 59. Kc2
Kc4 60. Kb1 Kb3 61. Ka1 Kc2 62. Ka2 Kd1 63. Kb1 c2+ 64. Ka2 Kd2 65. Ka1 c1=Q+
66. Ka2 Qc4+ 67. Ka1 Kc3 68. Kb1 Qb3+ 0-1

[Event "4NCL Division 3 North"]
[Site "Bolton, ENG"]
[Date "2019.05.06"]
[Round "11.61"]
[White "Bennett, Patrick"]
[Black "Phillips, David A"]
[Result "0-1"]
[WhiteElo "1997"]
[BlackElo "2032"]
[PlyCount "82"]
[EventDate "2019.05.06"]
[WhiteTeam "Holmes Chapel"]
[BlackTeam "Spirit of Atticus B"]

1. d4 Nf6 2. c4 c5 3. d5 b5 4. cxb5 a6 5. b6 Qxb6 6. Nc3 g6 7. e4 d6 8. Be2 Bg7
9. Nf3 O-O 10. O-O Nbd7 11. Nd2 Qc7 12. a4 Bb7 13. f4 e6 14. Nc4 exd5 15. exd5
Nb6 16. Nxb6 Qxb6 17. a5 Qc7 18. Ra4 Rfe8 19. Kh1 Rab8 20. f5 Nxd5 21. Nxd5
Bxd5 22. Qxd5 Rxe2 23. f6 Re5 24. Qc4 d5 25. Qc2 Bxf6 26. Bf4 Qe7 27. Bxe5 Bxe5
28. Re1 c4 29. Raa1 Qg5 30. Rab1 f6 31. Qf2 d4 32. Qf3 Qh5 33. Qxh5 gxh5 34. g3
Rb5 35. Rec1 Rb4 36. Kg2 Kf7 37. Kf3 Ke6 38. h3 Rb3+ 39. Ke2 Kd5 40. g4 d3+ 41.
Kf2 Bxb2 0-1

[Event "4NCL Division 3 North"]
[Site "Bolton, ENG"]
[Date "2019.05.06"]
[Round "11.62"]
[White "Bimpson, Tom"]
[Black "Doran, Chris"]
[Result "1/2-1/2"]
[WhiteElo "1973"]
[BlackElo "1965"]
[PlyCount "72"]
[EventDate "2019.05.06"]
[WhiteTeam "Spirit of Atticus B"]
[BlackTeam "Holmes Chapel"]

1. e4 c5 2. Nf3 d6 3. d3 Nc6 4. g3 g6 5. Bg2 Bg7 6. O-O Nf6 7. c3 O-O 8. Re1 b5
9. a4 b4 10. cxb4 Nxb4 11. Na3 Ba6 12. Nc4 Nd7 13. Rb1 Nb6 14. Bf1 Nxd3 15.
Qxd3 Nxc4 16. Qxc4 Bxc4 17. Bxc4 Rb8 18. b3 Qc7 19. Bf4 e5 20. Bd2 h6 21. h4
Kh7 22. h5 Qd7 23. Nh4 Bf6 24. Ng2 Rbe8 25. Ne3 Bg5 26. Bb5 Qd8 27. Bxe8 Rxe8
28. Rbd1 Qb8 29. Nd5 Bxd2 30. Rxd2 Re6 31. hxg6+ fxg6 32. Re3 a5 33. Rf3 Kg7
34. Rdd3 h5 35. Kg2 Qd8 36. Ne3 Qc7 1/2-1/2

[Event "4NCL Division 3 North"]
[Site "Bolton, ENG"]
[Date "2019.05.06"]
[Round "11.63"]
[White "Turner, John M"]
[Black "Johnson, Michael D"]
[Result "1-0"]
[WhiteElo "1993"]
[BlackElo "1954"]
[PlyCount "105"]
[EventDate "2019.05.06"]
[WhiteTeam "Holmes Chapel"]
[BlackTeam "Spirit of Atticus B"]

1. e4 e6 2. d4 d5 3. Nd2 c5 4. exd5 exd5 5. Ngf3 Nf6 6. Bb5+ Bd7 7. Qe2+ Qe7 8.
O-O Qxe2 9. Bxe2 Be7 10. dxc5 Bxc5 11. Nb3 Bb6 12. c3 h6 13. Bf4 O-O 14. Be5
Bd8 15. Rad1 Bc6 16. Nfd4 Nbd7 17. Nxc6 bxc6 18. Bd6 Re8 19. Ba6 Ne4 20. Bb7
Nxd6 21. Bxa8 Ne5 22. Nd4 Bb6 23. Bxc6 Nxc6 24. Nxc6 Re2 25. Rde1 Rxb2 26. Ne7+
Kh7 27. Nxd5 Bc5 28. Nb4 Bxb4 29. cxb4 Rxb4 30. Rd1 Rb6 31. Rfe1 Ra6 32. Re2 g6
33. g3 Kg7 34. Rd4 Nb5 35. Rc4 Ra3 36. Kg2 Ra6 37. a4 Nd6 38. Rb4 Nc8 39. Rc2
Nb6 40. Rc6 Ra5 41. Rc1 Ra6 42. Ra1 Ra5 43. Rb5 Rxa4 44. Rxa4 Nxa4 45. Ra5 Nb6
46. Rxa7 Nd5 47. f4 g5 48. fxg5 hxg5 49. Ra5 Ne3+ 50. Kf3 Nf1 51. Rxg5+ Kh6 52.
Rf5 Kg6 53. Rf4 1-0

[Event "4NCL Division 3 North"]
[Site "Bolton, ENG"]
[Date "2019.05.06"]
[Round "11.64"]
[White "Cooper, John G"]
[Black "Hancock, Michael L"]
[Result "1/2-1/2"]
[WhiteElo "1932"]
[BlackElo "1892"]
[PlyCount "37"]
[EventDate "2019.05.06"]
[WhiteTeam "Spirit of Atticus B"]
[BlackTeam "Holmes Chapel"]

1. d4 d5 2. Bf4 c5 3. e3 cxd4 4. exd4 Nc6 5. c3 Nf6 6. Bd3 h6 7. h3 e6 8. Nf3
Bd6 9. Ne5 Bxe5 10. dxe5 Nd7 11. Qe2 Nc5 12. Nd2 Nxd3+ 13. Qxd3 Qb6 14. Nb3 Bd7
15. Qg3 O-O-O 16. O-O-O g5 17. Be3 Qc7 18. Rhe1 b6 19. Kb1 1/2-1/2

[Event "4NCL Division 3 North"]
[Site "Bolton, ENG"]
[Date "2019.05.06"]
[Round "11.65"]
[White "Mills, Colin J"]
[Black "Stuttard, David"]
[Result "0-1"]
[WhiteElo "1735"]
[BlackElo "1847"]
[PlyCount "88"]
[EventDate "2019.05.06"]
[WhiteTeam "Holmes Chapel"]
[BlackTeam "Spirit of Atticus B"]

1. f4 e5 2. e4 d5 3. exd5 e4 4. Nc3 Nf6 5. Bc4 Bd6 6. Nge2 Bg4 7. d4 a6 8. a4
O-O 9. O-O Nbd7 10. Qe1 Nb6 11. Bb3 Bb4 12. Qg3 Qd7 13. h3 Bxe2 14. Nxe2 Nbxd5
15. c3 Bd6 16. Qf2 Rfe8 17. c4 Nb4 18. Qe3 Rac8 19. Nc3 c5 20. Kh1 Nh5 21. Nxe4
Rxe4 22. Qf3 Nf6 23. dxc5 Bxc5 24. Rd1 Qe7 25. Bd2 Nc6 26. Ba2 Nd4 27. Qg3 Bb4
28. Bxb4 Qxb4 29. b3 Ne2 30. Qf3 Nc3 31. Bb1 Nxd1 32. Bxe4 Nxe4 33. Rxd1 Re8
34. Rd7 h6 35. Kh2 Re7 36. Rd8+ Kh7 37. f5 Qc5 38. Rd5 Qc7+ 39. Kg1 Qb6+ 40.
Kh2 Qf6 41. Qf4 Qg5 42. Qf3 Nf6 43. Rd3 Re1 44. Rd1 Ng4+ 0-1

[Event "4NCL Division 3 North"]
[Site "Bolton, ENG"]
[Date "2019.05.06"]
[Round "11.66"]
[White "Mort, Andrew J"]
[Black "Jones, Dewi"]
[Result "1/2-1/2"]
[WhiteElo "1806"]
[BlackElo "1522"]
[PlyCount "35"]
[EventDate "2019.05.06"]
[WhiteTeam "Spirit of Atticus B"]
[BlackTeam "Holmes Chapel"]

1. c4 Nf6 2. g3 g6 3. Bg2 Bg7 4. Nc3 O-O 5. Nf3 c5 6. O-O Nc6 7. e4 e5 8. d3 d6
9. h3 h6 10. Kh2 Kh7 11. a3 a5 12. Rb1 Bd7 13. Nd5 Nxd5 14. cxd5 Nd4 15. Nxd4
cxd4 16. Bd2 b5 17. b4 a4 18. Qe2 1/2-1/2

[Event "4NCL Division 3 North"]
[Site "Bolton, ENG"]
[Date "2018.11.11"]
[Round "2.11"]
[White "Turner, John M"]
[Black "Rawlinson, Aidan M"]
[Result "1/2-1/2"]
[WhiteElo "1990"]
[BlackElo "2245"]
[PlyCount "60"]
[EventDate "2018.11.11"]
[WhiteTeam "Holmes Chapel"]
[BlackTeam "Manchester Manticores 2"]

1. e4 g6 2. d4 Bg7 3. Nc3 d6 4. g3 Nf6 5. Bg2 O-O 6. Nge2 Nbd7 7. h3 Rb8 8. a4
b6 9. O-O a6 10. d5 Bb7 11. Nd4 Qe8 12. Be3 e5 13. Nc6 Bxc6 14. dxc6 Nc5 15. b4
Ne6 16. b5 a5 17. Nd5 Nxd5 18. Qxd5 Nd4 19. Bxd4 exd4 20. Rae1 Qe6 21. f4 Rbe8
22. Kh2 Qxd5 23. exd5 Re3 24. Rxe3 dxe3 25. Re1 Re8 26. Bf3 Bc3 27. Re2 Kg7 28.
h4 h5 29. Kg2 Re7 30. Kf1 f5 1/2-1/2

[Event "4NCL Division 3 North"]
[Site "Bolton, ENG"]
[Date "2018.11.11"]
[Round "2.12"]
[White "Rahulan, Thivyaa"]
[Black "Doran, Chris"]
[Result "1-0"]
[WhiteElo "2012"]
[BlackElo "1959"]
[PlyCount "83"]
[EventDate "2018.11.11"]
[WhiteTeam "Manchester Manticores 2"]
[BlackTeam "Holmes Chapel"]

1. e4 c5 2. Nf3 d6 3. d4 cxd4 4. Nxd4 Nf6 5. Nc3 g6 6. Be3 Bg7 7. f3 Nc6 8. Qd2
O-O 9. O-O-O d5 10. Qe1 e5 11. Nxc6 bxc6 12. exd5 cxd5 13. Bg5 Be6 14. Bc4 Qc7
15. Bxf6 dxc4 16. Bxg7 Kxg7 17. h4 h6 18. Qe3 Rad8 19. Rde1 f6 20. f4 Bd5 21.
fxe5 fxe5 22. h5 g5 23. Nxd5 Rxd5 24. Qe4 Qc6 25. g3 a6 26. Re2 Rf6 27. Rhe1
Qb5 28. c3 Rfd6 29. Rf2 Qa4 30. Qf3 Qe8 31. g4 e4 32. Qe2 Qa4 33. Qf1 Rd7 34.
Rf8 R5d6 35. Rc8 Rd8 36. Rxd8 Rxd8 37. Rxe4 Rd7 38. a3 Qb3 39. Rxc4 Rb7 40. Rb4
Rxb4 41. axb4 Qa2 42. Qf5 1-0

[Event "4NCL Division 3 North"]
[Site "Bolton, ENG"]
[Date "2018.11.11"]
[Round "2.13"]
[White "Bennett, Patrick"]
[Black "Webster, Richard J"]
[Result "0-1"]
[WhiteElo "1998"]
[BlackElo "1982"]
[PlyCount "116"]
[EventDate "2018.11.11"]
[WhiteTeam "Holmes Chapel"]
[BlackTeam "Manchester Manticores 2"]

1. d4 d5 2. Bf4 Nf6 3. e3 c5 4. c3 e6 5. Nf3 Nc6 6. Nbd2 cxd4 7. exd4 Be7 8.
Bd3 Nd7 9. O-O O-O 10. Re1 Re8 11. Re3 Nf8 12. Qc2 f6 13. h4 Bd6 14. Bxd6 Qxd6
15. Rae1 Bd7 16. b4 Rac8 17. Qb3 Kh8 18. Qb1 Ne7 19. Rc1 Ng8 20. Nf1 Nh6 21.
Ree1 Rc7 22. Ne3 Rec8 23. Qb3 Be8 24. c4 dxc4 25. Rxc4 Bh5 26. Be2 Rxc4 27.
Nxc4 Qd5 28. Ncd2 Qxb3 29. Nxb3 b6 30. Nfd2 Bxe2 31. Rxe2 Nf5 32. Nf3 Kg8 33.
a3 Rc3 34. Rb2 Ng6 35. h5 Nf4 36. Nfd2 Ne2+ 37. Kf1 Nexd4 38. g4 Nxb3 39. Rxb3
Rxb3 40. Nxb3 Nd6 41. Nd4 Kf7 42. Ke2 a6 43. Kd3 Nb5 44. Nc2 e5 45. a4 Nd6 46.
a5 b5 47. Na1 Ke6 48. Nb3 Nb7 49. Ke4 g6 50. hxg6 hxg6 51. f4 f5+ 52. gxf5+
gxf5+ 53. Kd3 exf4 54. Nd4+ Kd5 55. Nxb5 Nc5+ 56. bxc5 axb5 57. a6 Kc6 58. Kd4
f3 0-1

[Event "4NCL Division 3 North"]
[Site "Bolton, ENG"]
[Date "2018.11.11"]
[Round "2.14"]
[White "Reed, John"]
[Black "Bates, Ian"]
[Result "1-0"]
[WhiteElo "1960"]
[BlackElo "1795"]
[PlyCount "59"]
[EventDate "2018.11.11"]
[WhiteTeam "Manchester Manticores 2"]
[BlackTeam "Holmes Chapel"]

1. d4 Nf6 2. Nf3 g6 3. g3 Bg7 4. Bg2 O-O 5. O-O d5 6. c4 c6 7. b3 Re8 8. Bb2
Nbd7 9. Nbd2 c5 10. dxc5 Nxc5 11. cxd5 Nxd5 12. Bxg7 Kxg7 13. Qc2 Na6 14. Rfd1
Qb6 15. e4 Ndb4 16. Qb2+ f6 17. Nc4 Qb5 18. e5 fxe5 19. Nfxe5 Kf8 20. a3 Bf5
21. axb4 Nxb4 22. Ra5 Rad8 23. Rxd8 Rxd8 24. Nxg6+ Kf7 25. Nge5+ Ke6 26. Rxb5
Rd1+ 27. Bf1 Bh3 28. Qe2 Rxf1+ 29. Qxf1 Bxf1 30. Kxf1 1-0

[Event "4NCL Division 3 North"]
[Site "Bolton, ENG"]
[Date "2018.11.11"]
[Round "2.15"]
[White "Lee, Michael A"]
[Black "Hilton, Tim"]
[Result "1/2-1/2"]
[WhiteElo "1464"]
[BlackElo "1982"]
[PlyCount "68"]
[EventDate "2018.11.11"]
[WhiteTeam "Holmes Chapel"]
[BlackTeam "Manchester Manticores 2"]

1. e4 c5 2. Nc3 g6 3. f4 Bg7 4. Nf3 Nc6 5. Bb5 Nd4 6. O-O Nxb5 7. Nxb5 d5 8. d3
a6 9. Nc3 d4 10. Ne2 Bg4 11. Bd2 Nf6 12. Qe1 Bxf3 13. Rxf3 e6 14. Qh4 Nd7 15.
Qxd8+ Rxd8 16. Raf1 f5 17. exf5 exf5 18. c3 O-O 19. cxd4 cxd4 20. Rc1 Rc8 21.
Rff1 Nc5 22. Rf3 Na4 23. b3 Nc3 24. Bxc3 dxc3 25. d4 c2 26. Kf1 Rfe8 27. Rd3 g5
28. Rd2 gxf4 29. Rdxc2 Rcd8 30. Rc7 Bxd4 31. Nxd4 Rxd4 32. Rxb7 Red8 33. Ke2
Re4+ 34. Kf1 Red4 1/2-1/2